Top 10 Milwaukee Brewers of All-Time - Statistics

General Stats
  • This quiz has been taken 2,099 times
    1,694 since last reset
  • The average score is 5 of 10
Answer Stats
WAR Years Position Answer % Correct
43.7 2007-2020 OF Ryan Braun
92%
66.5 1974-1993 SS/OF Robin Yount
91%
56.0 1978-1992 3B/DH Paul Molitor
78%
35.3 2010-2016 C Jonathan Lucroy
54%
29.5 1977-1987 1B Cecil Cooper
42%
31.9 2001-2008 P Ben Sheets
41%
24.2 1998-2007 OF Geoff Jenkins
21%
26.7 1985-1994 P Teddy Higuera
20%
26.2 1973-1983 3B Don Money
13%
25.9 1994-1999, 2005-2006 3B Jeff Cirillo
13%
No matching quizzes found
Score Distribution
Percent of People with Each Score
Percentile by Number Answered
Your Score History
You have not taken this quiz since the last reset